Statistics for Michael Landon Filmography

Click here to take the quiz!

General Stats

  • This quiz has been taken 9 times
    (3 since last reset)
  • The average score is 3 of 95

Answer Stats

TypeYearName% Correct
TV Show1959-1973Bonanza
100%
TV Show1984-1989Highway to Heaven
100%
TV Show1974-1983Little House on the Prairie
67%
Film1957I Was a Teenage Werewolf
33%
TV Special197788th Annual Tournament of Roses Parade
0%
TV Show1958Alcoa Theatre
0%
TV Show1973Baffle
0%
TV Show1957Cavalcade of America
0%
TV Show1956, 1958Cheyenne
0%
TV Show1956, 1957Crossroads
0%
TV Show1956Crusader
0%
Documentary1987Desperate Passage
0%
TV Show1957, 1959Dick Powell's Zane Grey Theatre
0%
TV Show1976Dinah!
0%
TV Show1976Donny and Marie
0%
TV Special1976Doug Henning's World of Magic
0%
TV Show1957Dr. Christian
0%
Short Film1957Fight for the Title
0%
TV Show1959Frontier Doctor
0%
TV Show1957General Electric Theater
0%
Film1958God's Little Acre
0%
TV Show1958Goodyear Theatre
0%
Film1958High School Confidential
0%
TV Show1965Hullabaloo
0%
TV Show1969It Takes Two
0%
TV Show1959Johnny Staccato
0%
Commercial1978KODAK Cameras
0%
TV Film1984Little House: Bless All the Dear Children
0%
TV Film1983Little House: Look Back to Yesterday
0%
TV Film1984Little House: The Last Farewell
0%
TV Film1979Little House Years
0%
TV Show1988Lou Rawls Parade of Stars
0%
TV Film1983Love Is Forever
0%
TV Show1955Luke and the Tenderfoot
0%
Film1958Maracaibo
0%
TV Documentary1997Michael Landon
0%
TV Special1971Monsanto Presents Mancini
0%
TV Show1973NBC Follies
0%
TV Show1957NBC Matinee Theatre
0%
TV Show1958, 1959Playhouse 90
0%
TV Show1972Rowan & Martin's Laugh-In
0%
Film1984Sam's Son
0%
TV Show1957, 1958Schlitz Playhouse of Stars
0%
TV Show1970-1971Sesame Street
0%
TV Show1956, 1958Sheriff of Cochise
0%
TV Show1957State Trooper
0%
TV Show1956Studio 57
0%
TV Show1958Studio One
0%
TV Show1957Suspicion
0%
TV Film1970Swing Out, Sweet Land
0%
TV Show1957Tales of Wells Fargo
0%
TV Show1956, 1957Telephone Time
0%
Award Show1989The 15th Annual People's Choice Awards
0%
TV Show1957The 20th Century Fox Hour
0%
TV Show1956The Adventures of Jim Bowie
0%
TV Show1957The Court of Last Resort
0%
TV Special1984The Dean Martin Celebrity Roast: Michael Landon
0%
TV Special1975The Dean Martin Celebrity Roast: Michael Landon
0%
TV Show1968, 1969, 1970The Dean Martin Show
0%
TV Show1971The Don Knotts Show
0%
TV Show1972, 1973The Electric Company
0%
Film1961The Errand Boy
0%
TV Show1966-1976The Hollywood Squares
0%
TV Show1968The Jerry Lewis Show
0%
Film1959The Legend of Tom Dooley
0%
TV Film1976The Loneliest Runner
0%
TV Show1956The Loretta Young Show
0%
TV Show1981The Magical World of Disney
0%
TV Show1963, 1966, 1973The Match Game
0%
TV Show1967, 1970, 1974The Merv Griffin Show
0%
TV Show1967-1968, 1973, 1975The Mike Douglas Show
0%
TV Show1968The Pat Boone Show
0%
TV Show1971The Pet Set
0%
TV Show1970The Red Skelton Show
0%
TV Show1957The Restless Gun
0%
TV Show1976The Rich Little Show
0%
TV Show1958, 1959The Rifleman
0%
Film1956These Wilder Years
0%
TV Special1972The Special London Bridge Special
0%
TV Pilot1959The Tender Years
0%
TV Show1958The Texan
0%
TV Show1987The Wil Shriner Show
0%
TV Show1958, 1959Tombstone Territory
0%
Film1965Town Tamer
0%
TV Show1958Trackdown
0%
TV Special1978TV: The Fabulous Fifties
0%
TV Film1991Us
0%
TV Show1958U.S. Marshal
0%
TV Show1965Vacation Playhouse
0%
TV Show1958, 1959Wanted Dead or Alive
0%
TV Show1959Westinghouse Desilu Playhouse
0%
TV Show1964-1965What's This Song?
0%
TV Film1990Where Pigeons Go to Die
0%
TV Show1956Wire Service
0%
TV Show1963-1965You Don't Say
0%

Score Distribution

Percentile by Number Answered

Percent of People with Each Score

Your Score History

You have not taken this quiz since the last reset